| 000 | 01523nam a22002657a 4500 | ||
|---|---|---|---|
| 003 | PE SENCICO BE | ||
| 005 | 20251020182622.0 | ||
| 008 | 221213b |||||||| |||| 00| 0 eng d | ||
| 020 | _a978-958-778-006-2 | ||
| 040 |
_aPE SENCICO BE _cPE SENCICO BE |
||
| 041 | _aspa | ||
| 082 |
_a001.42 _bT13 _c2015 |
||
| 100 | 1 |
_9259 _aTafur Portilla, Raúl _eautor |
|
| 245 | 1 |
_aCómo hacer un proyecto de investigación : _buso de diagramas, matrices y mapas conceptuales / _cRaúl Tafur Portilla, Manuel Izaguirre Sotomayor |
|
| 250 | _a2a ed. | ||
| 260 |
_aBogotá: _bAlfaomega, _c2015 |
||
| 300 |
_a278 p.: _bdiagrs. ; _c24 cm. |
||
| 504 | _aBibliografía: p. 263-266 | ||
| 505 | 0 | _aLa elección del tema -- El portafolio electrónico -- Actividad exploratorio preliminar -- Fichas y fichaje -- Descripción de la situación problemática -- Formulación del problema -- Formulación de objetivos de investigación -- Justificación de la tesis -- Viabilidad del proyecto de investigación -- Asuntos éticos en la investigación -- Antecedentes del estudio -- Bases teóricas -- Formulación de la hipótesis -- Definiciones de términos básicos -- Diseño metodológico -- Diseños específicos -- Matriz de consistencia -- Aspectos administrativos del proyecto de investigación | |
| 650 | 1 | 0 |
_aMetodología de la investigación _9260 |
| 650 | 2 | 0 |
_aInvestigación científica _9261 |
| 700 | 1 |
_9262 _aIzaguirre Sotomayor, Manuel |
|
| 910 |
_bhfp _chfp |
||
| 942 |
_2ddc _cLIB _h001.42 _iT13 _e2015 |
||
| 999 |
_c3686 _d3686 |
||